000 02009nam0a2200421 4500
001 RU\NLR\bibl\326792
005 20260408194234.0
010 _a5-7433-1004-1
_9100
021 _aRU
_b2002-32618
_91611
035 _a(NLR Aleph) 000321789
090 _a101867
_c101867
100 _a20021016d2002 u y0rusy50 ca
101 0 _arus
102 _aRU
105 _aa |||||||||
200 1 _aТеория наведенной неоднородности и ее приложения к расчету конструкций на неоднородном основании
_fВ.В. Петров, В.К. Иноземцев, Н.Ф. Синева
_gМ-во образования Рос. Федерации, Сарат. гос. техн. ун-т
210 _aСаратов
_cСГТУ
_d2002
215 _a260 с.
_cил.
_d21
320 _aБиблиогр.: с. 243-256 (157 назв.)
606 0 _aОснования и фундаменты
_xВзаимодействие с грунтом
_91183268
_3RU\NLR\auth\66476438
606 _aКонструкции (мех.) на неоднородном основании
_xРасчет
_3RU\NLR\auth\661357653
_92264665
610 0 _aМеханика грунтов
610 0 _aСтроительные конструкции - Расчет
675 _a539.3
_v3
_zrus
686 _a29.19
_2rugasnti
686 _a22.251
_2rubbk
686 _aВ251.6-5
686 _aН581.14
700 1 _4070
_8rus
_7ca
_aПетров
_bВ. В.
_f1935-
_cд-р техн. наук
_gВладилен Васильевич
_3RU\NLR\auth\7724857
_97907
701 1 _4070
_8rus
_7ca
_aИноземцев
_bВ. К.
_gВячеслав Константинович
_3RU\NLR\auth\7791430
_974357
701 1 _4070
_8rus
_7ca
_aСинева
_bН. Ф.
_gНина Федоровна
_3RU\NLR\auth\7774401
_957329
801 0 _aRU
_bRKP
_c20021016
_gPSBO
801 1 _aRU
_bRKP
_c20021016
801 2 _aRU
_bNLR
_c20110907
_grcr
942 _cBOOK
980 _aNB
980 _aNBR